Économie du patrimoine naturel : (Registro nro. 4320)

Detalles MARC
000 -CABECERA
Campo de control 00940nam a2200253 4500
005 - FECHA Y HORA DE LA ULTIMA TRANSACCION
Campo de control 20160610123251.0
008 - ELEMENTOS DE LONGITUD FIJA—INFORMACION GENERAL
Campo de control 940404s1993 fr a rb 001 0 fre
020 ## - ISBN
ISBN 2717825150 :
040 ## - FUENTE DE CATALOGACIÓN
Agencia catalogadora original DLC
Agencia transcriptora DLC
Agencia Modificadora CO-BoIAVH
041 0# - IDIOMA
Código de idioma para texto/pista de sonido o título separado Francés
044 ## - PAÍS DE PUBLICACIÓN
País de publicación Francia
082 04 - NUMERO DE CLASIFICACION DECIMAL DEWEY
Número de clasificación 333.70681
Número del ítem D44e
100 1# - ASIENTO PRINCIPAL--NOMBRE PERSONAL
Nombre personal Desaigues, Brigitte
Término relacionado autora
9 (RLIN) 21686
245 10 - MENCION DE TITULO
Título Économie du patrimoine naturel :
Parte restante del título la valorisation des bénéfices de protection de l'environnement /
Mención de responsabilidad Brigitte Desaigues y Patrick Point.
260 ## - PUBLICACION, DISTRIBUCION, ETC. (PIE DE IMPRENTA)
Lugar de publicación, distribución, etc. Paris :
Nombre del editor, distribuidor, etc. Economica,
Fecha de publicación, distribución, etc. c1993.
300 ## - DESCRIPCION FISICA
Extensión 317 páginas :
Otros detalles físicos ilustraciones ;
Dimensiones 24 x 16 cm.
500 ## - NOTA GENERAL
Nota general Incluye índice.
504 ## - NOTA DE BIBLIOGRAFIA, ETC.
Nota de bibliografía Incluye referencias bibliográficas páginas [291]-305.
650 16 - ASIENTO SECUNDARIO DE MATERIA - TERMINO TEMATICO
Término temático o nombre geográfico como elemento de entrada Economía medioambiental
9 (RLIN) 71623
650 26 - ASIENTO SECUNDARIO DE MATERIA - TERMINO TEMATICO
Término temático o nombre geográfico como elemento de entrada Protección ambiental
Subdivisión general Aspectos económicos
9 (RLIN) 71624
650 26 - ASIENTO SECUNDARIO DE MATERIA - TERMINO TEMATICO
Término temático o nombre geográfico como elemento de entrada Recursos naturales
Subdivisión general Aspectos económicos
9 (RLIN) 71625
700 1# - ASIENTO SECUNDARIO - NOMBRE PERSONAL
Nombre personal Point, Patrick
Término de relación autor
9 (RLIN) 21800
942 ## - ELEMENTOS ADICIONALES (KOHA)
Sistema de clasificación Dewey Decimal Classification
Tipo de ítem Libro
Existencias
Withdrawn status Lost status Sistema de Clasificación Damaged status No para préstamo Colección Inventariado Ubicación Permanente Ubicación actual Fecha de adquisición Fuente de Valor Valor Total Checkouts Número topográfico Inventario / Código de Barras Date last seen Ejemplar Price effective from Forma de adquisición Tipo de material
    Dewey Decimal Classification     General Inventariado 2017 Sala Fabio Quevedo Sala Fabio Quevedo 26/01/2005 Instituto 39000.00   LB-333.70681 D44e 017095 04/12/2012 Ej. 1 04/12/2012 Donación Libro